000 00811nam a22002531u 4500
001 05665
003 HDC
007 cr bn ---
008 210121p xx fo d 00 engg
040 _aHDC
245 0 _aTraceability:
_bVital to the Halal Supply Chain
260 _a[No place] :
_bYakin IT Sdn. Bhd,
_c2011
300 _a30 pages :
_bIllustrations
336 _atext
_2rdacontent
337 _acomputer
_2rdamedia
338 _aonline resource
_2rdacarrier
650 _aFood safety
_9504
650 _aHalal food
_950
650 _aHalal Supply Chain
_9327
856 _zRequest full-text at [email protected]
942 _2lcc
942 _cSLIDE
942 _kSLID 000447
999 _c2989
_d2989